000 00506nam a22001932 4500
001 0000002854
005 20151217151906.0
008 070420s xx 000 0 eng d
020 _a0345329724 :
_cKES 110
040 _aKABU
_cKABU
050 0 _aPS3557
_b.O699C6
100 1 _aGordon, Mary.
_@0000152357
245 1 4 _aThe Company of women.
260 _aNew York :
_bBallantine Books,
_c1989.
300 _a292 p.
908 _a070420
950 _@1
999 _c6057
_d6057